| 000 | 00505cam a2200205 4500 | ||
|---|---|---|---|
| 001 | M99775 | ||
| 008 | 000000n1999 000 0 eng u | ||
| 035 | _a(Sirsi) u104933 | ||
| 050 | _a333.3303 | ||
| 110 |
_aD. J. Freeman _9794 |
||
| 245 | 4 | _aThe language of property development. | |
| 260 |
_aLondon _bD J Freeman _c1999 |
||
| 300 | _a(28)p. ; 21cm. | ||
| 350 | _a0.00 | ||
| 650 | _aGLOSSARIES | ||
| 650 | _aDICTIONARIES | ||
| 650 | _aPROPERTY DEVELOPMENT | ||
| 690 | _aPROPERTY | ||
| 942 | _n0 | ||
| 999 |
_c100303 _d100303 |
||